• 首页
  • 本馆介绍
  • 公告通知
  • 最新文献
  • 馆藏检索
  • 电子资源
  • 读者导购
  • 参考咨询
  • 我的图书馆
  • 登录
  • 详细信息显示
  • 放入我的书架
  • 预约/预借图书
  • 作者相关作品
  • 分类相关作品
  • 丛书相关作品
  • 出版社相关作品

书目信息

  • 表格格式
  • 工作单格式
  • 卡片格式
题名:
运输经济学
    
 
作者: 巴顿 著 ;李晶 , 吕靖 , 贾晓惠 译
分册:  
出版信息: 北京   机械工业出版社  2013.4
页数: 10,424页
开本: 24cm
丛书名:
单 册:
中图分类: F50
科图分类:
主题词: 运输经济学
电子资源:
ISBN: 978-7-111-41078-2
000 01228nam0 22003011 450
001 524
005 20140909094706.39
010    @a978-7-111-41078-2@dCNY98.00
100    @a20130521d2013 em y0chiy50 ea
101 1  @achi@ceng
102    @aCN@b110000
105    @ay z 000yy
106    @ar
200 1  @a运输经济学@AYun Shu Jing Ji Xue@f(英)肯尼斯·巴顿著@F( Ying ) Ken Ni Si· Ba Dun Zhu@g李晶,吕靖,贾晓惠等译
210    @a北京@c机械工业出版社@d2013.4
215    @a10,424页@d24cm
305    @a据原书第3版译出
312    @a封面英文题名:Transport economics
330    @a本书由14章组成。首先概括性地阐述了运输、运输市场与运输业的概念及整体发展状况以及运输在产业区位选择中的作用,继而从微观、中观及宏观层面研究了运输市场的运行规律、运输业的外部性问题以及运输业管制、运输与经济发展等理念问题。同时,介绍了运输业投资评价及交通规划的方法。另外,还讨论了运输物流中的经济学问题。
510 1  @aTransport economics@zeng
606 0  @a运输经济学
690    @aF50@v5
701  0 @g(英)@a巴顿@ABa Dun@g(Button, Kenneth)@4著
702  0 @a李晶@ALi Jing@g(女,@f1972~)@4译
702  0 @a吕靖@ALv Jing@g(运输)@4译
702  0 @a贾晓惠@AJia Xiao Hui@4译
801  0 @aCN@bTANGWEI@c20140603
905    @b0836322-24@dF50@e4@f3
    
    运输经济学/(英)肯尼斯·巴顿著/李晶,吕靖,贾晓惠等译.-北京:机械工业出版社,2013.4
    10,424页;24cm
    
    
    ISBN 978-7-111-41078-2:CNY98.00
    本书由14章组成。首先概括性地阐述了运输、运输市场与运输业的概念及整体发展状况以及运输在产业区位选择中的作用,继而从微观、中观及宏观层面研究了运输市场的运行规律、运输业的外部性问题以及运输业管制、运输与经济发展等理念问题。同时,介绍了运输业投资评价及交通规划的方法。另外,还讨论了运输物流中的经济学问题。
●
相关链接 在E读中查询图书 在五车中查询图书 在当当中查询图书 在豆瓣中查询图书


正题名:运输经济学     索取号:F50/4         预约/预借

序号 登录号 条形码 馆藏地/架位号 状态 备注
1 0836322   208363224   第一样本阅览室/ [索取号:F50/4] 在馆    
2 0836323   208363233   密集书库-海洋学院/ [索取号:F50/4] 在馆    
3 0836324   208363242   第一借阅区/ [索取号:F50/4] 在馆    
唐山师范学院图书馆 欢迎您!
大连网信软件有限公司© 版权所有